| 000 | 00477nam a2200169Ia 4500 | ||
|---|---|---|---|
| 003 | LK-CoDNM | ||
| 008 | 010623t1919 xxu||||| |||| 00| 1 sin d | ||
| 040 |
_aLK-CoDNM _dLK-CoDNM _eLK-CoDNM |
||
| 041 | _asin | ||
| 080 | _a104 C 8 | ||
| 100 |
_aBandara,T.B.Kapukotuwe _eed. |
||
| 245 | _aවිහාර වන්නනා ඔවරත්න මාලය | ||
| 246 | _aVihara Vannana Owaratna Maalaya | ||
| 260 |
_bBovudda _aColombo _c1919 |
||
| 300 | _b9p, 21 cm | ||
| 942 | _cBK | ||
| 999 |
_c89866 _d89866 |
||